000 00413nam a2200181Ia 4500
008 151202s9999||||xx |||||||||||||| ||und||
082 _bPNVM-59641
100 _aMARTINI STEVE.
245 _aTHE LIST.
260 _b"JOVE BOOKS ,NEW YORK."
260 _c59641
300 _a451
600 _aMARTINI STEVE.
630 _aTHE LIST.
700 _aMARTINI STEVE.
730 _aTHE LIST.
942 _cBOOK
999 _c1326175
_d1326172